[Event "Misiones op"]
[Site "Misiones"]
[Date "2023.07.09"]
[Round "5"]
[White "Prado, Mateo Genaro"]
[Black "Pueyo Y Pueyo, Tomas"]
[Result "0-1"]
[WhiteElo "1610"]
[BlackElo "1426"]
[PlyCount "58"]
[EventDate "2023.07.08"]
[EventType "swiss"]
[EventRounds "6"]
[EventCountry "ARG"]
[SourceTitle "EXT 2024"]
[Source "ChessBase"]
[SourceDate "2023.10.10"]
[SourceVersion "1"]
[SourceVersionDate "2023.10.10"]
[SourceQuality "1"]

1. d4 Nf6 2. c4 g6 3. Nc3 Bg7 4. e4 d6 5. Nf3 0-0 6. Be2 e6 7. 0-0 Nc6 8. d5 Ne7 9. Ne1 Nd7 10. Be3 f5 11. f3 f4 12. Bf2 g5 13. Rc1 Ng6 14. c5 Nf6 15. cxd6 cxd6 16. Nb5 Rf7 17. Nxa7 Bd7 18. a4 g4 19. Nb5 Bxb5 20. axb5 g3 21. hxg3 Nh5 22. gxf4 Ngxf4 23. g4 Nh3+ 24. Kh2 Nxf2 25. Rxf2 Qh4+ 26. Kg1 Bh6 27. Ng2 Qg3 28. gxh5 Be3 29. Qf1 Bf4 0-1

[Event "ARG-ch U20"]
[Site "Buenos Aires"]
[Date "2023.02.20"]
[Round "7"]
[White "Hilgert, Gonzalo"]
[Black "Prado, Mateo Genaro"]
[Result "1-0"]
[WhiteElo "1741"]
[BlackElo "1577"]
[PlyCount "109"]
[EventDate "2023.02.17"]
[EventType "swiss"]
[EventRounds "9"]
[EventCountry "ARG"]
[SourceTitle "EXT 2024"]
[Source "ChessBase"]
[SourceDate "2023.10.10"]
[SourceVersion "1"]
[SourceVersionDate "2023.10.10"]
[SourceQuality "1"]

1. Nf3 d5 2. g3 Nf6 3. Bg2 e6 4. 0-0 Be7 5. d3 0-0 6. Nbd2 c5 7. e4 Nc6 8. e5 Nd7 9. Re1 b5 10. Nf1 Qc7 11. Bf4 Bb7 12. h4 Rfc8 13. N1h2 Qd8 14. Ng4 Bf8 15. Ng5 Be7 16. Qd2 Nd4 17. c3 Nf5 18. Ne3 Nxe3 19. Qxe3 h6 20. Nf3 a5 21. h5 b4 22. g4 bxc3 23. bxc3 Nf8 24. c4 Nh7 25. Kh2 d4 26. Qd2 Rab8 27. Rg1 Ba8 28. Bh1 Bxf3 29. Bxf3 Bg5 30. Be4 Bxf4+ 31. Qxf4 Ng5 32. Rab1 Nxe4 33. Qxe4 Qg5 34. Qe2 a4 35. Rb5 Rxb5 36. cxb5 Rb8 37. Rb1 Rb6 38. Kg3 Qe7 39. Qc2 Qc7 40. f4 f6 41. exf6 gxf6 42. Qxa4 e5 43. Qa8+ Rb8 44. Qd5+ Kg7 45. fxe5 fxe5 46. Qe4 Rb6 47. a4 Rf6 48. b6 Rxb6 49. Rxb6 Qxb6 50. Qxe5+ Kg8 51. Qe8+ Kg7 52. Qg6+ Qxg6 53. hxg6 c4 54. dxc4 d3 55. Kf3 1-0

[Event "San Antonio de Obligado op"]
[Site "San Antonio de Obligado"]
[Date "2022.10.10"]
[Round "6"]
[White "Prado, Mateo Genaro"]
[Black "Parana, Nicolas"]
[Result "0-1"]
[WhiteElo "1702"]
[BlackElo "1474"]
[PlyCount "90"]
[EventDate "2022.10.08"]
[EventType "swiss"]
[EventRounds "6"]
[EventCountry "ARG"]
[SourceTitle "CBM 210 Extra"]
[Source "ChessBase"]
[SourceDate "2022.11.30"]
[SourceVersion "1"]
[SourceVersionDate "2022.11.30"]
[SourceQuality "1"]

1. d4 d5 2. c4 dxc4 3. e3 Nf6 4. Bxc4 e6 5. Nf3 a6 6. Nc3 b5 7. Bd3 Bb7 8. 0-0 Nbd7 9. Qe2 c5 10. b3 Bd6 11. Bb2 Bxf3 12. Qxf3 cxd4 13. exd4 0-0 14. Rac1 Nb6 15. Rfd1 Rc8 16. Ne4 Nxe4 17. Qxe4 g6 18. Qb7 Nd5 19. Qxa6 Ra8 20. Qxb5 Rxa2 21. Rc2 Rxb2 22. Rxb2 Nc3 23. Qc4 Nxd1 24. Rd2 Qb8 25. Rxd1 Bxh2+ 26. Kf1 Rc8 27. Qa4 Bd6 28. Bc4 Rc7 29. d5 e5 30. Ra1 Qd8 31. Qa6 Bc5 32. Qa8 Rc8 33. Qb7 Rb8 34. Qc6 Bd4 35. Ra2 Kg7 36. g3 Rb6 37. Ra8 Qg5 38. Qa4 Qf5 39. Qa2 Qh3+ 40. Ke1 Rf6 41. Bf1 Qh2 42. Be2 Rxf2 43. Qa6 Qxg3 44. Kd1 Qxb3+ 45. Kc1 Be3# 0-1

[Event "San Antonio de Obligado op"]
[Site "San Antonio de Obligado"]
[Date "2022.10.08"]
[Round "2"]
[White "Prado, Mateo Genaro"]
[Black "Owczarczyn, Cristian Lucas"]
[Result "0-1"]
[WhiteElo "1702"]
[BlackElo "1503"]
[PlyCount "72"]
[EventDate "2022.10.08"]
[EventType "swiss"]
[EventRounds "6"]
[EventCountry "ARG"]
[SourceTitle "CBM 210 Extra"]
[Source "ChessBase"]
[SourceDate "2022.11.30"]
[SourceVersion "1"]
[SourceVersionDate "2022.11.30"]
[SourceQuality "1"]

1. d4 Nf6 2. c4 g6 3. Nc3 Bg7 4. e4 d6 5. Nf3 Nbd7 6. Be2 0-0 7. 0-0 c5 8. d5 Ng4 9. Bf4 Nge5 10. Qd2 Nxf3+ 11. Bxf3 Ne5 12. Be2 f5 13. Rfe1 Rf7 14. exf5 Bxf5 15. Be3 a6 16. f3 Qc7 17. Ne4 Raf8 18. Ng3 Bd7 19. a4 Qc8 20. a5 h5 21. Bg5 Bf6 22. h4 Bg7 23. Ra3 Bf5 24. b4 cxb4 25. Qxb4 Bf6 26. Bxf6 Rxf6 27. Rb3 Kg7 28. Qxb7 Qc5+ 29. Kh2 Bc2 30. Ne4 Bxe4 31. fxe4 Qf2 32. Rbb1 Qxh4+ 33. Kg1 Qf2+ 34. Kh2 Ng4+ 35. Kh3 h4 36. Qb3 Ne3 0-1

[Event "San Vicente IRT U2200"]
[Site "San Vicente"]
[Date "2019.11.03"]
[Round "5.2"]
[White "Prado, Mateo Genaro"]
[Black "Lopez, Julio Alberto"]
[Result "1/2-1/2"]
[WhiteElo "1400"]
[BlackElo "1851"]
[PlyCount "40"]
[EventDate "2019.11.02"]
[EventType "swiss"]
[EventRounds "6"]
[EventCountry "ARG"]
[SourceTitle "EXT 2024"]
[Source "ChessBase"]
[SourceDate "2023.10.10"]
[SourceVersion "1"]
[SourceVersionDate "2023.10.10"]
[SourceQuality "1"]

1. d4 Nf6 2. c4 e6 3. Nf3 b6 4. g3 Bb7 5. Bg2 c5 6. 0-0 cxd4 7. Nxd4 Bxg2 8. Kxg2 Be7 9. Nc3 Qc8 10. Qd3 Nc6 11. b3 0-0 12. Bb2 Qb7 13. Qf3 Rfd8 14. Rfd1 Bc5 15. Ncb5 a6 16. Nxc6 dxc6 17. Nd4 Rac8 18. Nc2 Be7 19. Ne3 Rxd1 20. Rxd1 Rd8 1/2-1/2